LEADER 00934nam a2200193 4500 001 000000356485 003 CaOOAMICUS 005 20231215105509.0 008 231215s1914 it 000 u ita r 040 $aSeMil$bita 100 1 $aCavigioli, Giovanni.$0(OLS)http://semarc/name/19369 245 13$aLa precedenza del matrimonio civile durante il Regno Italico nella diocesi di Novara (1806-1814) : $bnota di storia e di teologia /$cGiovanni Cavigioli. 264 1$aNovara :$bGrafica Novarese,$c1914. 300 $a17 p. ;$c23 cm 850 $aSeMil 852 $aSeMil$W1$xVenegono$y1$m5C IV 1/22$j245050$B247650$CSeMilBibl$Z2$F247650 $81 996 $6245$aLa precedenza del matrimonio civile durante il Regno Italico nella diocesi di Novara (1806-1814) : $bnota di storia e di teologia$9(OLS)http://semarc/title/446761 996 $6264$aNovara :$bGrafica Novarese$9(OLS)http://semarc/publisher/61429 LEADER 00845nam a2200217 i 4500 001 000000047427 003 CaOOAMICUS 005 20120314000000.0 008 120314s1978 it u000 u ita u 013 $a18597 040 $aSeMil$bita 100 1 $aEsser, Kajetan .$0(OLS)http://semarc/name/90338 245 13$aIl testamento di San Francesco d'Assisi /$cKajetan Esser. 260 $aMilano :$bCammino,$c1978. 300 $a244 p. ;$c22 cm. 500 $aContiene : Bibliografia. 600 04$aFrancesco : d'Assisi .$0(OLS)http://semarc/subject/1416 850 $aSeMil 852 $aSeMil$W1$xVenegono$y1$m2C IV 129$j13582$B13582$CSeMilBibl$Z2$F13582 $81 996 $6245$aIl testamento di San Francesco d'Assisi$9(OLS)http://semarc/title/71455 996 $6260$aMilano :$bCammino$9(OLS)http://semarc/publisher/32397